Historicity of Vedic and Ramayan Eras: (Record no. 190434)

MARC details
000 -LEADER
fixed length control field 00676nam a22001817a 4500
005 - DATE AND TIME OF LATEST TRANSACTION
control field 20220726112325.0
010 ## - LCCN (DPL NO)
LC control number ENG-133908
020 ## - INTERNATIONAL STANDARD BOOK NUMBER
Terms of availability 275.00
International Standard Book Number 978-93-81391-03-7
035 ## - SYSTEM CONTROL NUMBER
System control number EN-117440
037 ## - SOURCE OF ACQUISITION
Source of stock number/acquisition DBAD/PUB
082 ## - DEWEY DECIMAL CLASSIFICATION NUMBER
Classification number 520.954
245 ## - TITLE STATEMENT
Title Historicity of Vedic and Ramayan Eras:
Remainder of title Scientific evidences from the depths of Oceans to the heights of skies/
Statement of responsibility, etc edited by Saroj Bala and Kulbhushan Mishra
260 ## - PUBLICATION, DISTRIBUTION, ETC. (IMPRINT)
Place of publication, distribution, etc Hyderabad
Name of publisher, distributor, etc Institute of Scientific Research on Vedas
Date of publication, distribution, etc 2012
270 ## - ADDRESS
Address H.No. 11-13-279, Road No.8, Alakapuri
City Hyderabad
Postal code 500035
300 ## - PHYSICAL DESCRIPTION
Extent 74p.
Dimensions 21cm(pbk)
Other physical details photos
700 ## - ADDED ENTRY--PERSONAL NAME
Personal name Saroj Bala
942 ## - ADDED ENTRY ELEMENTS (KOHA)
Source of classification or shelving scheme Dewey Decimal Classification
Item type English Books
Classification part 520.954
Call number suffix HIS
Holdings
Withdrawn status Lost status Not for loan Collection code Home library Current library Date acquired Source of acquisition Cost, normal purchase price Full call number Barcode Copy number Cost, replacement price Koha item type
      Non-fiction Bawana Bawana 26/07/2022 DBAD/PUB 275.00 520.954 BAL EN-117440 1 275.00 English Books

© Delhi Public Library
Hit Counter
free hit counter